Normal view
MARC view
- Lee, Sangtak.
Entry Personal Name
001 - CONTROL NUMBER
- control field: 49529
003 - CONTROL NUMBER IDENTIFIER
- control field: OSt
005 - DATE AND TIME OF LATEST TRANSACTION
- control field: 20231006112919.0
008 - FIXED-LENGTH DATA ELEMENTS
- fixed length control field: 231006|| aca||aabn | a|a d
040 ## - CATALOGING SOURCE
- Original cataloging agency: OSt
- Transcribing agency: OSt
100 ## - HEADING--PERSONAL NAME
- Personal name: Lee, Sangtak.
- Relator term: author.
670 ## - SOURCE DATA FOUND
- Source citation: Work cat.: (OSt): Kim, Seontak. author. 49527, Influences of background colors and calorie information disclosure on consumers' psychological process /, May-June 2020.
